000 00593nam a2200193Ia 4500
008 151119s9999||||xx |||||||||||||| ||und||
082 _a915.459
082 _bGKKV30097
100 _aफडके य दि
245 _aमुंबईचे खरे मालक कोण ?
260 _aमुंबई
260 _b-
260 _c2009
600 _aफडके य दि
630 _aमुंबईचे खरे मालक कोण ?
700 _aफडके य दि
730 _aमुंबईचे खरे मालक कोण ?
942 _cBOOK
999 _c1082437
_d1082434